000 01228nam a2200193Ia 4500
008 220107t1969||||xx |||||||||||||| ||und||
040 _aBoOrUTOFe
_bEs
_cUTO
044 _aES
082 _aEco 658
_bP32
100 _aPayne, Bruce
245 0 _aPlanificación a largo plazo y crecimiento de la empresa. La guía del ejecutivo para una planificación eficaz
246 _a Long-term planning and growth of the company. The executive's guide to effective planning
260 _aBilbao:
_bDeusto,
_c1969
300 _a242p.
_bgraf; tab.
_c21 cm
505 _aLa necesidad de una planificación a largo plazo, organización de la planificación a largo plazo, establecer objetivos a largo plazo, objetivos a corto plazo como parte de un plan a largo plazo, el plan de "marketing", planificación de nuevos productos, planificación de la investigación y desarrollo, planificación a largo plazo de la fabricación, organización del equipo directivo para la expansión de la empresa, planificación financiera, planificación internacional, cómo hacer que la planificación a largo plazo se convierta en una operación práctica
650 _aPlanificación a largo plazo
655 _aLibros de Texto
942 _cLI
_zFCEFA53
999 _c4967
_d4967
_x1